Water and drainage (Record no. 74419)

MARC details
000 -LEADER
fixed length control field 01784cab a2200373 4500
001 - CONTROL NUMBER
control field ABS67793
008 - FIXED-LENGTH DATA ELEMENTS--GENERAL INFORMATION
fixed length control field 040602n2004 000 0 eng u
035 ## - SYSTEM CONTROL NUMBER
System control number (Sirsi) u126390
100 ## - MAIN ENTRY--PERSONAL NAME
Personal name Redfern, B.
245 ## - TITLE STATEMENT
Title Water and drainage
260 ## - PUBLICATION, DISTRIBUTION, ETC.
Date of publication, distribution, etc. 2004
490 ## - SERIES STATEMENT
Series statement New Civil Engineer
Volume/sequential designation (1513) 20 May 2004, 23-40(11)
520 ## - SUMMARY, ETC.
Summary, etc. Series of articles on water and drainage. "Inundated with work" explains that water companies' investment plans reveal that workload is increasing. "Water cannon" discusses Project Aquatrine and the take-ver of MoD sites water and waste water services by external service providers. Roy Painter, chairman of Water UK, is profiled in "Looking at the bigger picture". "Glasgow drain brains" looks at sustainable drainage and Glasgow's strategic drainage study. "Safety savings" reports on how trenchless technology is making the construction of a new sewer safer and cheaper. The final article, "Sheffield gets tanked up", describes how European legislation has increased investment in combined sewer overflows. A final round-up covers the EU's Water Framework Directive (Directive 2000/60/EC) and the launch of a new SUDS product.
590 ## - LOCAL NOTE (RLIN)
Local note ABS
650 ## - SUBJECT ADDED ENTRY--TOPICAL TERM
Topical term or geographic name entry element WATER INDUSTRY
650 ## - SUBJECT ADDED ENTRY--TOPICAL TERM
Topical term or geographic name entry element WATER COMPANIES
650 ## - SUBJECT ADDED ENTRY--TOPICAL TERM
Topical term or geographic name entry element SEWERS
650 ## - SUBJECT ADDED ENTRY--TOPICAL TERM
Topical term or geographic name entry element ENVIRONMENTAL MANAGEMENT
650 ## - SUBJECT ADDED ENTRY--TOPICAL TERM
Topical term or geographic name entry element WATER SUPPLIES
650 ## - SUBJECT ADDED ENTRY--TOPICAL TERM
Topical term or geographic name entry element WASTE WATER
650 ## - SUBJECT ADDED ENTRY--TOPICAL TERM
Topical term or geographic name entry element Utilities
9 (RLIN) 6272
650 ## - SUBJECT ADDED ENTRY--TOPICAL TERM
Topical term or geographic name entry element WATER MANAGEMENT
650 ## - SUBJECT ADDED ENTRY--TOPICAL TERM
Topical term or geographic name entry element DRAINAGE
650 ## - SUBJECT ADDED ENTRY--TOPICAL TERM
Topical term or geographic name entry element SUSTAINABLE URBAN DRAINAGE SYSTEMS
650 ## - SUBJECT ADDED ENTRY--TOPICAL TERM
Topical term or geographic name entry element FLOODING
650 ## - SUBJECT ADDED ENTRY--TOPICAL TERM
Topical term or geographic name entry element STORMWATER
650 ## - SUBJECT ADDED ENTRY--TOPICAL TERM
Topical term or geographic name entry element DIRECTIVE 2000/60/EC
690 ## - LOCAL SUBJECT ADDED ENTRY--TOPICAL TERM (OCLC, RLIN)
Topical term or geographic name as entry element BUILDING AND CONSTRUCTION-ENGINEERING-CIVIL
700 ## - ADDED ENTRY--PERSONAL NAME
Personal name Russell, L.
700 ## - ADDED ENTRY--PERSONAL NAME
Personal name Greeman, A.
700 ## - ADDED ENTRY--PERSONAL NAME
Personal name Masters, J.
700 ## - ADDED ENTRY--PERSONAL NAME
Personal name Hansford, M.
942 ## - ADDED ENTRY ELEMENTS (KOHA)
Suppress in OPAC 0
Holdings
Withdrawn status Lost status Source of classification or shelving scheme Damaged status Not for loan Home library Current library Shelving location Date acquired Total Checkouts Full call number Barcode Date last seen Copy number Price effective from Koha item type
    Dewey Decimal Classification     London London Journal article 02/06/2004   ABS67793 126390-1001 06/08/2019 1 06/08/2019 Journal article